Odpowiedź zaczyna się na KO - Statystyki

Ogólne statystyki
  • Ten quiz został rozwiązany 761 razy
  • Średni wynik to 19 z 20
Statystyki odpowiedzi
Hint Odpowiedź % Poprawnych
Przeciwieństwo słowa: mężczyzna Kobieta
99%
Brązowy i owłosiony owoc wypełnione mlekiem. Kokos
99%
Jak się nazywa długa linia w której musisz stać np.: w sklepie? Kolejka
99%
Przykłady: Zielony,Niebieski,Czerwony Kolor
99%
Owad który piją twoją krew. Komar
99%
Puszaste zwierzę domowe które mówi: Miał Kot
99%
(bezokolicznik) Bardziej niż lubić. Kochać
98%
Skóra drzewa. Kora
98%
Nosi ją król. Korona
98%
Zły, Straszny sen. Koszmar
98%
Jakie narzędzie używamy do określenia kierunków? Kompas
97%
Miejsce gdzie różne osoby kopią po minerały i surowce. Kopalnia
97%
Jak na nazwisko miała osoba która była twórcą heliocentrycznego modelu Układu Słonecznego? Kopernik
97%
Napój owocowy z gotowanych owoców świeżych lub suszonych. Kompot
94%
Najważniejsza ustawa w państwie, określająca ogólne zasady jego ustroju. Konstytucja
92%
Jakie państwo ma stolice Seul? Korea południowa
90%
Narząd budujący układ kostny. Kość
90%
Co zabiło dinozaury? Kometa
81%
Używasz to do niego pad. Konsola/Konsoli
81%
Lądową część cokołu (bloku) kontynentalnego np.: Afryka Kontynent
79%
Nie znaleziono quizów pasujących do podanych kryteriów
Rozkład punktacji
Procent ludzi z każdym wynikiem
Percentyl według liczby udzielonych odpowiedzi
Twoja historia wyników
Nie rozwiązałeś tego quizu